000 00275nam a22001097a 4500
008 230704b xxu||||| |||| 00| 0 eng d
082 _a341
_bBUR 1957
245 _aIn Defence of Colonies
260 _aLondon
_bGeorge Allen & Unwin Ltd
_c1957
300 _a338p
942 _2ddc
_cBK
999 _c3933
_d3933